000 00756nam a2200253 i 4500
001 000028781
003 DO-SdBNP
005 20250407094622.0
007 ta
008 110412s1996 dr 000 0 spa d
040 _aDO-SdBNP
_bspa
_cBNPHU
_erda
049 _aBNPD
082 4 _axxx
_bxxx
_222
110 1 _aRepública Dominicana
_bConsejo Nacional de Educación Superior
_937231
240 1 0 _a[Leyes, etc]
245 1 0 _aDecreto 517-96 sobre educación superior en República Dominicana.
264 1 _aSanto Domingo :
_bCONES,
_c1996.
300 _a23 páginas ;
_c25 cm.
336 _atexto
_btxt
_2rdacontent
337 _asin mediación
_bn
_2rdamedia
338 _avolumen
_bnc
_2rdacarrier
590 _aInventariado, 2024/BT
942 _2ddc
_cLF2
999 _c28273
_d28273